000 00460nam a2200157 i 4500
001 38973
003 ES-MaACL
005 20230906155848.0
007 t|
008 030226s1910 sp ||||1| spa d
100 1 _aCampos y Pulido, José María.
_934290
245 1 4 _aLas capellanías colativas en España /
_cJosé María Campos y Pulido.
260 _aMadrid :
_bRevista de Legislación,
_c1910.
300 _a337 p. ;
_c21 cm.
852 _aES-MaACL
_jC-3311
999 _c38973
_d38973